|
|
|
|
| LEADER |
01113nam a2200289 a 4500 |
| 001 |
c000192982 |
| 003 |
CARM |
| 005 |
20021125001600.0 |
| 008 |
870211s1958 ag b 00010 spa d |
| 019 |
1 |
|
|a 3306223
|5 LACONCORD2021
|
| 035 |
|
|
|a (OCoLC)36793561
|5 LACONCORD2021
|
| 040 |
|
|
|a NUN
|c NUN
|
| 043 |
|
|
|a s-ag---
|
| 100 |
1 |
|
|a Triana, Alberto J.
|
| 245 |
1 |
0 |
|a Historia de los hermanos tres puntos :
|b origen, expansión, organización, proselitismo, doctrina, objeto, acción, historia y condenación de la masonería /
|c Albeto J. Triana.
|
| 250 |
|
|
|a 2a ed.
|
| 260 |
|
|
|a Buenos Aires :
|b [s. n.],
|c 1958.
|
| 300 |
|
|
|a 273 p. :
|b ill., facsims., ports ;
|c 23 cm.
|
| 500 |
|
|
|a Cover title: Masonería.
|
| 504 |
|
|
|a Includes bibliographical references.
|
| 610 |
2 |
0 |
|a Freemasons.
|
| 610 |
2 |
0 |
|a Freemasons
|z Argentina.
|
| 740 |
0 |
|
|a Masonería.
|
| 852 |
8 |
|
|b CARM
|h A2:AO09G0
|i C08293
|p 0303088
|f BK
|
| 082 |
0 |
4 |
|a 366.1
|2 19
|
| 999 |
f |
f |
|i d7a24d06-bf30-56db-81cc-fa8c46e57c82
|s 62894bb9-83af-51cb-9e03-cf970e80e4b6
|
| 952 |
f |
f |
|p Can circulate
|a CAVAL
|b CAVAL
|c CAVAL
|d CARM 1 Store
|e C08293
|f A2:AO09G0
|h Other scheme
|i book
|m 0303088
|